000 00484nam a2200181Ia 4500
001 20523
005 20260306172812.0
008 260306t2021||||xx |||||||||||||| ||spa||
041 _aESP
082 _a343.335
_bT81P
100 _aTribunal Constitucional del Perú
_eAUT
245 0 _aEl proceso de cumplimiento en la actualidad:
_bposibilidades y límites
260 _c2021
300 _a527 páginas :
_c24 cm.
650 _aGEN
654 _aCDE
942 _cLIB
_dJUS
_fJUS
_2ddc
_n
999 _c20523
_d20523